Normal view
MARC view
- التحليل الاقتصادي -الاقتصاد التحليلي - الاحصاء الوصفي
Entry Topical Term
001 - CONTROL NUMBER
- control field: 28076
003 - CONTROL NUMBER IDENTIFIER
- control field: JO-AjAnu
005 - DATE AND TIME OF LATEST TRANSACTION
- control field: 20230606074748.0
008 - FIXED-LENGTH DATA ELEMENTS
- fixed length control field: 230606|| aca||aabn | a|a d
040 ## - CATALOGING SOURCE
- Original cataloging agency: JO-AjAnu
- Transcribing agency: JO-AjAnu
150 ## - HEADING--TOPICAL TERM
- Topical term or geographic name entry element: التحليل الاقتصادي -الاقتصاد التحليلي - الاحصاء الوصفي
670 ## - SOURCE DATA FOUND
- Source citation: Work cat.: (JO-AjAnu)14412: تأليف: كوب، جاري ؛ ترجمة: فهد بن خلف البادي ؛ راجع الترجمة: عبدالله بن صالح الحميد, author 28075, تحليل البيانات الاقتصادية = Analysis of Economic Data